000 00846nam a2200253Ia 4500
003 OSt
005 20220926034216.0
006 a|||||r|||| 00| 0
007 ta
008 220923b |||||||| |||| 00| 0 eng d
037 _cGeneral Book
040 _aRTL
_cRTL
_beng
041 _2eng
_aeng
082 _aX4:75(W).6.N6, K5
100 _aHaefele Edwin T.
_9340190
245 0 _aGovernment controls on transport
_b An African case
260 _aWashington
_bD.C. Brookings Institution
_c1965
300 _ax, 102p. Appendix p 67-96
_ccm.
490 _aBrookings Institution, Transport Research Program
650 _aTransport Economics -- United States
700 _a Steinberg Eleanor B.
_9340051
942 _hX4:75(W).6.N6, K5
_cGB
_2CC
999 _c658981
_d658981